| 000 | 00447nam a2200181Ia 4500 | ||
|---|---|---|---|
| 001 | 14992 | ||
| 005 | 20260306164955.0 | ||
| 008 | 260306t2012||||xx |||||||||||||| ||spa|| | ||
| 041 | _aESP | ||
| 082 |
_a519.53 _bS42 |
||
| 100 |
_aSerrano García, Gracia _eAUT |
||
| 245 | 0 | _aEstadística descriptiva aplicada a la empresa | |
| 260 | _c2012 | ||
| 300 |
_a64 páginas : _c29 cm. |
||
| 650 | _aGEN | ||
| 654 | _aCMA | ||
| 942 |
_cLIB _dJUS _fJUS _2ddc _n |
||
| 999 |
_c14992 _d14992 |
||